Statistics for Chemistry A-Z

Click here to take the quiz!

General Stats

  • This quiz has been taken 271 times
  • The average score is 14 of 26

Answer Stats

HintAnswer% Correct
N: Makes up 78% of airNitrogen
96%
H: Lightest element on the Periodic TableHydrogen
95%
O: Makes up 21% of airOxygen
95%
S: Yellow non-metal that combines with gas to create its distinctive smellSulphur
84%
I: Metal heavily used in civilizationIron
83%
C: Discovered 2 elements, died of radiationCurie
81%
U: Radioactive element sometimes depicted as glowing green, but is really a dull metalUranium
81%
X: Heavy inert gasXenon
79%
G: Yellow, well-known metalGold
76%
F: Most reactive element on the Periodic TableFluorine
74%
R: Radioactive inert gasRadon
74%
B: Created the current atomic modelBohr
69%
E: Named after famed phycistEinsteinium
69%
P: Radioactive actinide - sometimes regarded as the most dangerous chemical on earthPlutonium
59%
V: Transition metal with rainbow-coloured oxide filmVanadium
57%
Y: Rare-earth metal named after a town in Sweden (The light one)Yttrium
54%
M: Creator of the original Periodic TableMendeleev
52%
Z: Transition metal occurring in 30 mineral species (The heavy one)Zirconium
43%
A: Radioactive element found in smoke detectorsAmericium
24%
T: Element that will make you smell like rotten eggsTellurium
16%
W: German word for "Tungsten"Wolfram
16%
L: Formerly most expensive of the lanthanidesLutetium
10%
Q: Until 2012, Flerovium was known as "Unun____ium"Quad
8%
D: Creator of superheavy elementsDubna
2%
J: Proposed name for Element 105Joliotium
1%
K: Historical name for Element 104Kurchatovium
1%

Score Distribution

Percentile by Number Answered

Percent of People with Each Score

Your Score History

You have not taken this quiz